000 00591nam a22002057a 4500
008 240610b mp ||||| |||| 00| 0 mon d
035 _a36435
040 _aDO1421060
_bmon
_cMN-UlNLM
_dMN-UlNLM
_erda
041 _amon
042 _a87876
084 _2NNA
_a83.8
_bА 94
100 _aАшард М.
245 0 _aЦөөхүүл ч гэсэн бидний Индианчууд
264 _aУБ
_bАДМОН компани
_c2018
300 _a148х.
336 _2rdacontent
_atext
_btxt
337 _2rdamedia
_aunmediated
_bn
338 _2rdacarrier
_avolume
_bnc
942 _2NNA
_cBK
999 _c980325
_d980382